Sách học tiếng Trung Quốc /
Kaydedildi:
| Yazar: | |
|---|---|
| Diğer Yazarlar: | , , |
| Materyal Türü: | Kitap |
| Dil: | Vietnamese |
| Baskı/Yayın Bilgisi: |
H. :
Đại học và trung học chuyên nghiệp ,
1974
|
| Edisyon: | In lần thứ 1 |
| Konular: | |
| Etiketler: |
Etiketle
Etiket eklenmemiş, İlk siz ekleyin!
|
| Thư viện lưu trữ: | Thư viện Trường CĐ Kỹ Thuật Cao Thắng |
|---|
| LEADER | 00777nam a2200229 a 4500 | ||
|---|---|---|---|
| 001 | TVCDKTCT5563 | ||
| 003 | Thư viện trường Cao đẳng Kỹ thuật Cao Thắng | ||
| 005 | 20060615000000 | ||
| 008 | 060615 | ||
| 980 | \ | \ | |a Thư viện Trường CĐ Kỹ Thuật Cao Thắng |
| 024 | |a RG_1 #1 eb0 i1 | ||
| 041 | 0 | # | |a vie |
| 082 | # | # | |a 495.1 / |b S100CH-h |
| 100 | 1 | # | |a Phan Văn Các |
| 245 | 0 | 0 | |a Sách học tiếng Trung Quốc / |c Phan Văn Các, ...[et al.] |
| 250 | # | # | |a In lần thứ 1 |
| 260 | # | # | |a H. : |b Đại học và trung học chuyên nghiệp , |c 1974 |
| 300 | # | # | |a 79tr. ; |c 19cm |
| 650 | # | 4 | |a Sách học tiếng Trung Quốc |
| 700 | 0 | # | |a Nguyên Trung Hiền |
| 700 | 0 | # | |a Lê Văn Hiền |
| 700 | 0 | # | |a Lê Quốc Túy |